Street justice : (Record no. 6422)
[ view plain ]
| 000 -LEADER | |
|---|---|
| fixed length control field | 01645nac a22003491u 4500 |
| 010 ## - LIBRARY OF CONGRESS CONTROL NUMBER | |
| LC control number | 2005024200 |
| 020 ## - INTERNATIONAL STANDARD BOOK NUMBER | |
| International Standard Book Number | 0521852781 (hardcover : alk. paper) |
| 020 ## - INTERNATIONAL STANDARD BOOK NUMBER | |
| International Standard Book Number | 0521617987 (pbk. : alk. paper) |
| 020 ## - INTERNATIONAL STANDARD BOOK NUMBER | |
| International Standard Book Number | 9780521617987 |
| 020 ## - INTERNATIONAL STANDARD BOOK NUMBER | |
| International Standard Book Number | 9780521852784 |
| 035 ## - SYSTEM CONTROL NUMBER | |
| System control number | (OCoLC)ocm61361581 |
| 082 00 - DEWEY DECIMAL CLASSIFICATION NUMBER | |
| Classification number | 364.10660977866 |
| Item number | JAC |
| 090 ## - LOCALLY ASSIGNED LC-TYPE CALL NUMBER (OCLC); LOCAL CALL NUMBER (OCLC) | |
| -- | 6422 |
| -- | 6422 |
| 100 ## - MAIN ENTRY--PERSONAL NAME | |
| Personal name | Jacobs, Bruce A. |
| 245 10 - TITLE STATEMENT | |
| Title | Street justice : |
| Remainder of title | retaliation in the criminal underworld / |
| Statement of responsibility, etc | Bruce A. Jacobs, Richard Wright. |
| 260 ## - PUBLICATION, DISTRIBUTION, ETC. (IMPRINT) | |
| Place of publication, distribution, etc | Cambridge ; |
| -- | New York : |
| Name of publisher, distributor, etc | Cambridge University Press,2006 |
| Date of publication, distribution, etc | 2006. |
| 300 ## - PHYSICAL DESCRIPTION | |
| Extent | xii, 154 p. ; |
| Dimensions | 23 cm. |
| 490 1# - Series Statement | |
| Series statement | Cambridge studies in criminology |
| 500 ## - GENERAL NOTE | |
| General note | distributer: Al-Ahram |
| 504 ## - BIBLIOGRAPHY, ETC. NOTE | |
| Bibliography, etc | Includes bibliographical references (p. 137-148) and index. |
| 505 0# - FORMATTED CONTENTS NOTE | |
| Formatted contents note | Background and methods -- The retaliatory ethic -- A typology of criminal retaliation -- Gender and retaliation (with Christopher Mullins) -- Imperfect retaliation -- Retaliation in perspective. |
| 511 ## - PARTICIPANT OR PERFORMER NOTE | |
| Participant or performer note | catalogued by: wessam |
| 650 #0 - SUBJECT ADDED ENTRY--TOPICAL TERM | |
| Topical term or geographic name as entry element | Gangs |
| Geographic subdivision | Missouri |
| -- | Saint Louis. |
| 650 #0 - SUBJECT ADDED ENTRY--TOPICAL TERM | |
| Topical term or geographic name as entry element | Vendetta |
| Geographic subdivision | Missouri |
| -- | Saint Louis. |
| 650 #0 - SUBJECT ADDED ENTRY--TOPICAL TERM | |
| Topical term or geographic name as entry element | Revenge. |
| 700 1# - ADDED ENTRY--PERSONAL NAME | |
| Personal name | Wright, Richard, |
| Dates associated with a name | 1951- |
| 830 #0 - SERIES ADDED ENTRY--UNIFORM TITLE | |
| Uniform title | Cambridge studies in criminology (Cambridge University Press) |
| 856 41 - ELECTRONIC LOCATION AND ACCESS | |
| Materials specified | Table of contents |
| Uniform Resource Identifier | <a href="http://www.loc.gov/catdir/toc/ecip0517/2005024200.html">http://www.loc.gov/catdir/toc/ecip0517/2005024200.html</a> |
| 856 41 - ELECTRONIC LOCATION AND ACCESS | |
| Materials specified | Publisher description |
| Uniform Resource Identifier | <a href="http://www.loc.gov/catdir/enhancements/fy0633/2005024200-d.html">http://www.loc.gov/catdir/enhancements/fy0633/2005024200-d.html</a> |
| 856 41 - ELECTRONIC LOCATION AND ACCESS | |
| Materials specified | Contributor biographical information |
| Uniform Resource Identifier | <a href="http://www.loc.gov/catdir/enhancements/fy0733/2005024200-b.html">http://www.loc.gov/catdir/enhancements/fy0733/2005024200-b.html</a> |
| 942 ## - ADDED ENTRY ELEMENTS (KOHA) | |
| Item type | Book - Borrowing |
| Call number prefix | 364.10660977866JAC |
| Withdrawn status | Item status | Damaged status | Not for loan | Home library | Current library | Shelving location | Date acquired | Source of acquisition | Total Checkouts | Total Renewals | Full call number | Barcode | Date last seen | Date last borrowed | Koha item type |
|---|---|---|---|---|---|---|---|---|---|---|---|---|---|---|---|
| Central Library | Central Library | First floor | 22/11/2007 | Purchase | 1 | 8 | 364.10660977866JAC | 000007352 | 15/07/2025 | 23/02/2020 | Book - Borrowing |